Synthetic biology : a primer /

Bibliographic Details
Main Author: Baldwin, Geoff (Author)
Corporate Author: World Scientific (Firm)
Format: eBook
Language:English
Published: Singapore ; Hackensack, NJ : Imperial College Press, World Scientific Publishing Co. Pte. Ltd., [2016]
Edition:Revised edition.
Subjects:
Online Access:Connect to the full text of this electronic book

MARC

Tag First Indicator Second Indicator Subfields
LEADER 00000cam a22000001i 4500
001 in00003594713
006 m |o d |
007 cr |n|||||||||
008 150922s2016 si a ob 001 0 eng d
005 20260609153432.2
020 |a 9781783268801 (electronic bk.) 
020 |a 1783268808 (electronic bk.) 
020 |z 9781783268788 
020 |z 1783268786 
020 |z 9781783268795 
020 |z 1783268794 
024 8 |a 99964436462 
035 |a (NhCcYBP)ybp12594762 
040 |a NhCcYBP  |c NhCcYBP  |d UtOrBLW 
050 4 |a TA164  |b .B35 2016 
060 4 |a QT 36 
082 0 4 |a 660.6  |2 23 
100 1 |a Baldwin, Geoff,  |e author.  |0 http://id.loc.gov/authorities/names/no2013070927 
245 1 0 |a Synthetic biology :  |b a primer /  |c Geoff Baldwin [and seven others]. 
250 |a Revised edition. 
264 1 |a Singapore ;  |a Hackensack, NJ :  |b Imperial College Press, World Scientific Publishing Co. Pte. Ltd.,  |c [2016] 
300 |a 1 online resource. 
336 |a text  |b txt  |2 rdacontent 
337 |a computer  |b c  |2 rdamedia 
338 |a online resource  |b cr  |2 rdacarrier 
500 |a Preceded by: Synthetic biology / Geoff Baldwin ... [and 7 others]. [2012]. 
504 |a Includes bibliographical references and index. 
505 0 |a Introduction to biology -- Basic concepts in engineering -- Foundational technologies -- Minimal cells and synthetic life -- Parts, devices and systems -- Modelling synthetic biology systems -- Applications of designed biological systems -- iGEM -- The societal impact of synthetic biology. 
588 |a Description based on print version record. 
500 |a Electronic resource. 
650 0 |a Synthetic biology.  |0 http://id.loc.gov/authorities/subjects/sh2010006918 
650 1 2 |a Synthetic Biology.  |0 https://id.nlm.nih.gov/mesh/D058615 
655 7 |a Electronic books.  |2 local 
710 2 |a World Scientific (Firm)  |0 http://id.loc.gov/authorities/names/no2001005546 
776 1 8 |c Original  |z 9781783268788  |z 1783268786  |z 9781783268795  |z 1783268794  |w (DLC) 2015026135 
856 4 0 |u http://proxy.library.tamu.edu/login?url=https://www.worldscientific.com/worldscibooks/10.1142/P1060#t=toc  |z Connect to the full text of this electronic book  |t 0 
955 |a YBP purchased firm e-records 
980 |b 91.00  |g 1 
999 f f |s 9abed6b2-8ff0-39d7-b178-9f75068b47d2  |i 4bd88d5a-03bb-3ec6-8098-4865e2815a17  |t 0 
952 f f |a Texas A&M University  |b College Station  |c Electronic Resources  |s www_evans  |d Available Online  |t 0  |e TA164 .B35 2016  |h Library of Congress classification 
998 f f |a TA164 .B35 2016  |t 0  |l Available Online